000 00349nam a22001457a 4500
003 OSt
005 20160727222413.0
008 160624b xxu||||| |||| 00| 0 eng d
040 _cTEST
100 _91053
_aBridhouse, A., et al
245 _aPeak Mathematics
260 _aHONGKONG
_bTHOMAS NALSON
_c1981
300 _aPeak Mathematics
942 _2ddc
_cBK
999 _c840
_d840